=LDR 00000nam 2200000 4500 =001 INLIS000000000017934 =005 20130612113128 =008 ***********************************Ind** =035 ##$$0010-061300000017934 =041 ##$$a Ind =082 ##$$a 633.88 =090 ##$$a 633.88, Bud b =100 ##$$a Budi, Y Made =245 ##$$a Buah merah, I Made Budi =260 ##$$a 2005 $b Jakarta =300 ##$$a 75 hlm, ilus, 21 cm =650 ##$$a Tanaman Obat =850 ##$$a NBPNMAT